| 000 | 00569cab a2200229 4500 | ||
|---|---|---|---|
| 001 | ABS60375 | ||
| 008 | 090401t1999 xxu||||| |||| 00| 0 eng d | ||
| 035 | _a(Sirsi) u92085 | ||
| 041 | _aeng | ||
| 100 | _aFletcher, J. | ||
| 245 | _aDeer farming: the profitable alternative? | ||
| 260 | _c1999 | ||
| 350 | _a0 | ||
| 490 |
_aRural Property Bulletin _vJanuary/February 1999, 20-21(2) |
||
| 650 | _aALTERNATIVE LAND USE | ||
| 650 | _aDEER FARMING | ||
| 650 | _aFARMERS | ||
| 650 | _aVENISON | ||
| 690 | _aRURAL PRACTICE | ||
| 942 | _n0 | ||
| 948 | _c15/03/1999 | ||
| 999 |
_c58384 _d58384 |
||